000
00204nam a2200097Ia 4500
008
220204s9999 xx 000 0 und d
082
_a
82-3
_b
MIN
100
_a
Minahan, J
245
0
_a
Janitor
942
_c
BK
999
_c
37762
_d
37762